000 02133nam a2200373 i 4500
001 195865
003 SpMaBN
005 20250804062708.0
008 240727s2006 sp | ||| ||spa
016 7 _abimoBNE20060393229
_2SpMaBN
017 _aM 22868-2006
_bOficina Depósito Legal Madrid
020 _a8401341876
035 _a(OCoLC)434026946
035 _aMimo0002195024
040 _aSpMaBN
_bspa
_cSpMaBN
_erdc
_dES-MaACL
080 _a821.134.2-31"19"
100 1 _aSampedro, José Luis,
_d1917-2013
_9102185
_eaut
245 1 3 _aLa senda del drago /
_cJosé Luis Sampedro.
250 _aCuarta edición: mayo, 2006
260 _aBarcelona :
_bAreté,
_c2006.
300 _a473 p. :
_c26 cm.
336 _2rdacontent
_atexto
337 _2rdamedia
_asin mediación
338 _2rdacarrier
_avolumen
490 1 _a[Areté]
520 _aLa historia de una transformación personal hacia la lucidez y el amor.Martín Vega, hombre autodidacta, viaja en un buque imaginario, El Occidente. Los pintorescos encuentros que vive en su periplo le hacen tomar conciencia del ocaso de nuestra cultura, pero también de la fragilidad de las alternativas religiosas y místicas. Anclado todavía al mundo de las ideas, duda sobre qué postura tomar.En Tenerife, donde arriba destinado por una organización internacional de comercio, le espera sin embargo un bandazo más real. Frente a la hegemonía del sistema mercantil, siente que el océano, el indomable Teide y la diferencia horaria lo ayudarán a preservar la naturaleza y la civilización contra la codicia de los tecnobárbaros. Aún más, el encuentro con Runa y el amor por ella lo llevarán a descubrir el sentido de su vida en una hermosa historia de transformación personal.
655 0 _aNovelas
_9234319
830 _aAreté (Serie)
_9237618
852 _aES-MaACL
_cDEPOJ
_9204848
_jN-8980
_hDonación: Editorial
_xEncuadernación cartoné con sobrecubiertas
942 _n0
_cMONOGRAFIA
999 _c195865
_d195865